[Event "SCC Swiss"]
[Site "?"]
[Date "1990.11.02"]
[Round "3"]
[White "Hinrichsen, G."]
[Black "Bailey, B."]
[Result "1-0"]
[WhiteElo "2027"]
[BlackElo "1720"]
[Annotator "Stockfish 14 (15s)"]
[PlyCount "87"]

{C68: Ruy Lopez: Exchange Variation, sidelines} 1. e4 e5 2. Nf3 Nc6 3. Bb5 a6
4. Bxc6 dxc6 5. O-O Bd6 6. d4 Bg4 7. dxe5 Bxf3 8. Qxf3 Bxe5 9. Nd2 Nf6 (9...
Ne7 10. Nc4 Ng6 11. Nxe5 Nxe5 12. Qg3 Ng6 13. f4 Qd4+ 14. Be3 Qxe4 15. f5 Ne7
16. Bf4 {1-0 (16) Malisauskas,V (2530)-Blauhut,H (1990) Apolda 1992}) 10. Nc4
Qd4 11. Nxe5 $146 (11. Qe2 O-O-O 12. c3 Qc5 13. Be3 Qe7 14. f4 Bd6 15. e5 Bc5
16. exf6 Bxe3+ 17. Qxe3 Qxf6 18. Qa7 Kd7 19. Rfe1 {
1-0 (19) Gras,D (1952)-Cwiek,P (1690) Calvi 2005}) (11. Qe2 b5 12. Na5 Qb6 $16)
11... Qxe5 12. Bf4 Qe7 13. Rad1 O-O 14. Rfe1 Rad8 15. Bg5 (15. Bd2 Rfe8 16. Bc3
Rxd1 17. Qxd1 h6 $14) 15... Rxd1 $11 16. Qxd1 Rd8 17. Qf3 Qe5 18. Bxf6 gxf6 19.
h3 Rd2 20. Qg4+ Kh8 $4 (20... Kf8 $142 $11) 21. Re3 $18 Qe6 22. Qf4 $4 (22. Qh4
$142 Rd4 23. c3 $18) 22... Rd1+ $14 23. Kh2 Qe5 24. Qxe5 (24. Qg3 Rc1 25. Re2
Qxg3+ 26. Kxg3 Kg7 $14) 24... fxe5 $11 25. Rd3 Re1 26. f3 Re2 27. Rd7 Rxc2 28.
Rxf7 Rxb2 29. Rxc7 Rxa2 $4 (29... b5 $142 $11) 30. Rxb7 $18 c5 (30... a5 31.
Re7 Rb2 32. Rxe5 $18) 31. h4 c4 32. Rc7 Ra4 (32... Rc2 33. h5 h6 $18) 33. Kg3
a5 34. Kg4 Rb4 35. Kf5 a4 36. Kf6 (36. Kxe5 $5 Rb5+ 37. Kd4 Ra5 38. Rxc4 Kg7
$18) 36... h6 (36... Rb6+ 37. Kxe5 Ra6 38. Rxc4 a3 $18) 37. f4 (37. Kxe5 $142
Rb5+ 38. Kd4 $18) 37... exf4 $4 (37... a3 $142 38. Ra7 c3 39. Ra8+ Kh7 40. Ra7+
Kg8 41. Rxa3 exf4 42. Ra8+ Kh7 $11) 38. e5 (38. Rc8+ $142 Kh7 39. e5 $18) 38...
a3 (38... Rb8 39. e6 Rf8+ 40. Kg6 Rg8+ 41. Kf6 Rf8+ 42. Ke5 Rb8 43. Rxc4 Kg7
44. Rxa4 Rb5+ 45. Kd6 Rb6+ 46. Kd7 Rb7+ 47. Kc6 Rb3 48. Rxf4 Re3 $18) 39. Rc8+
(39. e6 a2 40. Ra7 Rb8 41. Rxa2 Kg8 $18) 39... Kh7 40. Rc7+ (40. e6 $142 a2 41.
Rc7+ Kh8 42. Ra7 $18) 40... Kh8 41. e6 a2 42. Ra7 Rb2 (42... Rb8 43. Rxa2 Kg8
$18) 43. e7 Re2 44. Rxa2 $3 (44. Rxa2 Re4 45. Ra8+ Kh7 46. e8=Q Rxe8 47. Rxe8
c3 48. Rc8 c2 49. Kf7 f3 50. gxf3 h5 51. Rxc2 Kh6 52. f4 Kh7 53. f5 Kh6 54. f6
Kh7 55. Rc8 Kh6 56. Rh8#) 1-0

[Event "SCC Action"]
[Site "?"]
[Date "1990.11.09"]
[Round "1"]
[White "Holcomb, J."]
[Black "Bailey, B."]
[Result "0-1"]
[WhiteElo "100"]
[BlackElo "1720"]
[Annotator "Stockfish 12 (15s)"]
[PlyCount "54"]

{B02: Alekhine's Defence: Chase Variation and lines with early Nc3} 1. e4 e5 2.
d3 Nf6 3. Bg5 h6 (3... Be7 4. Nc3 d6 5. Nge2 c6 6. Qd2 h6 7. Bxf6 Bxf6 8. Ng3
O-O 9. Be2 Bg5 10. Qd1 Be6 11. Bg4 g6 12. Bxe6 fxe6 13. Qg4 Qe7 14. h4 Rf4 15.
Qe2 Rxh4 16. Rxh4 Bxh4 17. O-O-O Bxg3 18. fxg3 {
Gutierrez,G-Minero,C (2189) San Jose 2001 0-1 (60)}) 4. Bxf6 (4. Bh4 g5 5. Bg3
Nc6 6. Nc3 h5 7. f3 h4 8. Bf2 Bb4 9. Qe2 Bxc3+ 10. bxc3 d6 11. O-O-O Be6 12.
Qe3 Bxa2 13. d4 exd4 14. cxd4 Qd7 15. e5 dxe5 16. dxe5 Qf5 17. exf6+ Kf8 18.
Qd2 Qxf6 {Brettschneider,J-Korpalska,J (1400) Sebnitz 2004 0-1}) 4... Qxf6 5.
c3 $146 (5. g3 Bc5 6. Nf3 d6 7. Bg2 O-O 8. O-O c6 9. c4 Rd8 10. Nc3 Bd4 11.
Nxd4 exd4 12. Ne2 c5 13. a3 Nc6 14. Nf4 Be6 15. Nd5 Bxd5 16. exd5 Ne7 17. Qf3
Qxf3 18. Bxf3 Rab8 19. Rfe1 Ng6 {Klingert,W-Matveev,I Scharbeutz 1999 1-0 (35)}
) (5. Ne2 Bc5 6. f3 d6 7. Nbc3 Nc6 8. Qd2 Nd4 9. O-O-O Be6 10. Kb1 O-O-O 11. h4
Nxe2 12. Bxe2 Qg6 13. g4 d5 14. h5 Qf6 15. Rhg1 d4 16. Nd5 Bxd5 17. exd5 Rxd5
18. Qa5 Qb6 19. Qe1 Ba3 {Foerster,N-Von Kuegelgen,K Barsinghausen 1999 0-1})
5... Bc5 6. Nf3 d6 7. d4 Bb6 8. g3 $4 (8. dxe5 dxe5 9. Nbd2 Nc6 $17) 8... Nc6
$4 (8... exd4 $142 9. Bg2 Nc6 $19) 9. dxe5 $4 (9. d5 $5 Ne7 10. Bg2 $17) 9...
dxe5 (9... Nxe5 10. Be2 Bh3 11. Nbd2 $19) 10. Bc4 $4 (10. Nbd2 $142 $17) 10...
Bg4 $19 11. Be2 O-O (11... Rd8 $142 12. Nbd2 Ke7 $19) 12. Nxe5 (12. O-O Rad8
13. Nfd2 $19) 12... Bxe2 (12... Qxf2+ 13. Kd2 Bxe2 14. Kc1 Bxd1 15. Rxd1 Nxe5
16. Nd2 Rad8 17. Kc2 Nc4 18. Kb3 Rxd2 19. Rxd2 Nxd2+ 20. Kc2 Rd8 21. a3 Nc4+
22. Kb3 Qxb2+ 23. Kxc4 Qc2 24. a4 Rd4+ 25. Kb5 Qb3#) 13. Qxe2 Nxe5 (13... Qxe5
$142 14. Nd2 Qe6 $19) 14. Nd2 (14. f4 Nc6 15. Nd2 $19) 14... Rad8 15. O-O-O
Nd3+ (15... Qxf2 $5 16. Rhe1 Nd3+ 17. Kc2 Nxe1+ 18. Rxe1 $19) 16. Kb1 Qxf2 17.
Qf1 (17. Qf3 $19) 17... Qe3 18. Qg2 (18. Nb3 Qxe4 19. Ka1 Nf2 $19) 18... Nf2
19. Rhe1 Qd3+ 20. Kc1 Nxd1 21. Rxd1 Be3 22. h4 Rd7 23. b4 (23. e5 Rfd8 24. a3
Bxd2+ 25. Qxd2 Qxd2+ 26. Rxd2 Rxd2 27. Kb1 Rg2 28. Ka2 Rdd2 29. Kb3 Rxb2+ 30.
Kc4 Rxg3 31. a4 Rc2 32. e6 fxe6 33. Kd4 Rcxc3 34. Ke5 Rge3+ 35. Kf4 g6 36. a5
e5+ 37. Kg4 Rc4#) 23... Rfd8 (23... Qxc3+ 24. Kb1 Qd3+ 25. Kc1 Rd4 26. Kb2
Rxb4+ 27. Nb3 Bd4+ 28. Ka3 Rxb3+ 29. axb3 Qa6+ 30. Kb4 c5#) 24. a3 (24. Kb2
Bxd2 25. Rxd2 Qxd2+ 26. Qxd2 Rxd2+ 27. Kb3 b5 28. e5 Rf2 29. a4 a6 30. axb5
axb5 31. e6 Rdd2 32. exf7+ Kxf7 33. g4 Rb2+ 34. Ka3 Ra2+ 35. Kb3 Rfb2#) 24...
Qxc3+ 25. Kb1 Rxd2 26. Rxd2 Rxd2 27. Qg1 (27. Qxd2 Bxd2 28. Ka2 Qc2+ 29. Ka1
Bc3#) 27... Qb2# 0-1

[Event "SCC Action"]
[Site "?"]
[Date "1990.11.09"]
[Round "2"]
[White "Bailey, B."]
[Black "Gydov, T."]
[Result "1-0"]
[WhiteElo "1720"]
[BlackElo "1424"]
[Annotator "Stockfish 12 (20s)"]
[PlyCount "43"]

{B72: Sicilian Dragon: 6 Be3, lines with h3+Bc4 and sidelines} 1. e4 c5 2. Nf3
d6 3. d4 cxd4 4. Nxd4 Nf6 5. Nc3 Nc6 6. Be2 g6 7. Be3 Bg7 8. Qd2 a6 9. f3 Qc7 (
9... Bd7 10. g4 h6 11. h3 Nxd4 12. Bxd4 Bc6 13. O-O-O Qa5 14. Qe3 O-O 15. Bb6
Qe5 16. f4 Qe6 17. f5 Qc8 18. Rhf1 Bb5 19. fxg6 fxg6 20. g5 Bxe2 21. Nxe2 hxg5
22. Qxg5 Qxh3 23. Nf4 Qh6 24. Qg3 {
Sampouw,J (2280)-Cardoso,R (2385) Nice 1974 1-0 (42)}) 10. O-O-O (10. g4 Nxd4
11. Bxd4 Be6 {
1/2-1/2 (11) Kummer,H (1998)-Neudel,B (1904) Lignano Sabbiadoro 2005}) 10... b5
11. g4 Bd7 12. g5 $146 (12. Nxc6 Bxc6 13. Bd3 h5 14. gxh5 Rxh5 15. Ne2 O-O-O
16. Ng3 Rh3 17. Kb1 d5 18. Qg2 Rhh8 19. Qf2 Kb7 20. c3 dxe4 21. Nxe4 Nxe4 22.
Bxe4 Rxh2 23. Rxh2 Rxd1+ 24. Kc2 Rd8 25. Rh7 Qe5 26. Bxc6+ Kxc6 {
Daskalov,E (1937)-Noskov,A (2263) Teteven 2004 0-1 (60)}) (12. Nd5 Nxd5 13.
exd5 Nxd4 14. Bxd4 Bxd4 15. Qxd4 O-O-O $16) 12... Nh5 (12... b4 $142 13. Nd5
Nxd5 14. exd5 Ne5 15. Qxb4 Rc8 $14) 13. Nd5 $16 Qb7 14. f4 e5 $4 (14... e6 $142
15. Nb6 Qxb6 $16) 15. Nxc6 $18 Bxc6 16. Bxh5 gxh5 17. Nf6+ (17. f5 $142 Rc8 18.
Qe2 $18) 17... Bxf6 $14 18. gxf6 Bxe4 $4 (18... O-O-O 19. Rhe1 Bxe4 $14) 19.
Qxd6 $3 Bxh1 (19... -- $140 20. Qxe5+ {Mate threat}) 20. Qxe5+ Kf8 21. Bc5+ Kg8
(21... Qe7 22. fxe7+ Kg8 23. Qg5#) 22. Qg5# 1-0

[Event "SCC Action"]
[Site "?"]
[Date "1990.11.16"]
[Round "3"]
[White "Nightengale, J."]
[Black "Bailey, B."]
[Result "0-1"]
[WhiteElo "1330"]
[BlackElo "1724"]
[Annotator "Stockfish 12 (20s)"]
[PlyCount "60"]

{C44: Ponziani Opening and Scotch Gambit} 1. e4 e5 2. Nf3 Nc6 3. d3 Bc5 4. g3
d6 5. Bg2 Nf6 6. O-O Bg4 7. Nbd2 (7. h3 Bh5 8. c3 O-O 9. Nbd2 d5 10. Qb3 dxe4
11. dxe4 Qc8 12. Re1 Kh8 13. Nh4 Bg6 14. Nf1 Nd7 15. Ne3 Bb6 16. Nd5 f5 17.
exf5 Bxf5 18. Nxf5 Rxf5 19. Be3 Nc5 20. Qc4 Nd7 21. Rad1 Qf8 {
El Taher,F (2445)-Sammut Briffa,P Yerevan 1996 1-0 (37)}) 7... Qd7 8. c3 h5 (
8... Bb6 9. Nc4 h6 10. Re1 O-O 11. Ne3 Ne7 12. Nxg4 Qxg4 13. Qd2 Nh7 14. d4
exd4 15. Nxd4 Rad8 16. h4 c5 17. Nf3 Nc6 18. Qe2 Rfe8 19. Bf4 Nf6 20. Nh2 Qxe2
21. Rxe2 Nh5 22. Be3 Ne5 23. Rd1 {
Welzel,W (1613)-Rolfing,A (1644) Germany 2004 1-0 (63)}) 9. Qb3 $146 (9. b4 Bb6
10. Qc2 Bh3 11. Nc4 h4 12. Nxb6 axb6 13. Bxh3 Qxh3 14. Ng5 Qd7 15. Qe2 O-O-O
16. a4 Rh5 17. a5 bxa5 18. bxa5 Rdh8 19. a6 b6 20. a7 Kb7 21. d4 Ka8 22. Nf3
exd4 23. cxd4 Qg4 {
Martinez Cano,G (2036)-Longa Yauca,J (2219) Madrid 2001 0-1 (53)}) (9. b4 $142
$5 Bb6 10. a4 $14) 9... O-O-O $15 10. Ng5 (10. Qc2 h4 11. Nxh4 Rxh4 12. gxh4
Rh8 $11) 10... Rdf8 (10... Nh7 11. Nc4 Nxg5 12. Bxg5 $17) 11. Ndf3 Nh7 12. Bd2
$4 (12. Nxh7 $142 Rxh7 13. Qc2 $17) 12... Nxg5 $19 13. Nxg5 (13. Bxg5 f6 14.
Be3 Bxe3 15. fxe3 $19) 13... h4 14. Be3 hxg3 15. Bxc5 dxc5 (15... gxh2+ $142
16. Kh1 dxc5 $19) 16. d4 (16. fxg3 f6 17. Nf3 Qxd3 18. Rf2 $19) 16... cxd4 (
16... Qe7 $142 17. d5 Na5 18. Qc2 Qxg5 19. fxg3 $19) 17. cxd4 (17. fxg3 f6 18.
Nf3 $19) 17... gxh2+ (17... Nxd4 $142 18. Qxg3 Ne2+ 19. Kh1 Nxg3+ 20. fxg3 $19)
18. Kh1 Nxd4 19. Qa3 Kb8 20. f4 (20. Nf3 Bxf3 21. Bxf3 Rd8 $19) 20... f6 (20...
Ne2 $142 21. Rfe1 exf4 22. Rxe2 Bxe2 23. e5 $19) 21. Nf3 (21. fxe5 Nc2 22. e6
Qb5 $19) 21... Nxf3 (21... Ne2 $142 22. Nh4 exf4 23. Rad1 $19) 22. Bxf3 Bxf3+ (
22... exf4 23. Rad1 Qe6 24. Bxg4 Qxg4 25. Qf3 Qxf3+ 26. Rxf3 $19) 23. Rxf3 (23.
Qxf3 exf4 24. Rad1 Qe7 $19) 23... exf4 24. Rd3 (24. Rxf4 g5 25. Rf5 $19) 24...
Qe6 25. Re1 Rd8 26. b4 f5 27. e5 Qc6+ (27... Rxd3 28. Qxd3 Qc6+ 29. Qe4 fxe4
30. b5 Qd5 31. Rg1 e3+ 32. Rg2 Qd1+ 33. Rg1 Qxg1#) 28. Rf3 $19 g5 (28... Rh3
29. Ref1 g5 30. e6 g4 31. e7 Rdh8 32. Rd1 b5 33. Qc3 Qxf3+ 34. Qxf3 gxf3 35. a3
Kb7 36. Rf1 Rg3 37. e8=Q Rxe8 38. a4 Reg8 39. Rf2 Rh8 40. Rf1 f2 41. a5 Rg1+
42. Rxg1 hxg1=Q#) 29. Rc1 Qe4 (29... g4 30. b5 Qe4 31. b6 axb6 32. Qc3 gxf3 33.
Qxc7+ Ka7 34. Qg7 f2+ 35. Qg2 Rdg8 36. Qxe4 Rg1+ 37. Rxg1 hxg1=Q#) 30. Qc3 (30.
e6 g4 31. e7 Qxe7 32. b5 Qe2 33. Qxa7+ Kxa7 34. b6+ cxb6 35. Ra3+ Kb8 36. Rc8+
Rxc8 37. Ra8+ Kxa8 38. a3 Rc1#) 30... g4 (30... g4 31. Qxc7+ Ka8 32. Qc3 g3 33.
Re1 Rdg8 34. Rg1 g2+ 35. Rxg2 Qb1+ 36. Qc1 Qxc1+ 37. Rf1 Qxf1+ 38. Rg1 hxg1=Q#)
0-1

[Event "SCC Action"]
[Site "?"]
[Date "1990.11.16"]
[Round "4"]
[White "Bailey, B."]
[Black "Stefurak, T."]
[Result "0-1"]
[WhiteElo "1724"]
[BlackElo "100"]
[Annotator "Stockfish 12 (15s)"]
[PlyCount "38"]

{B95: Sicilian Najdorf: 6 Bg5 e6, unusual White 7th moves} 1. e4 c5 2. Nf3 d6
3. d4 cxd4 4. Nxd4 Nf6 5. Nc3 a6 6. Bg5 e6 7. Be2 b5 (7... h6 8. Be3 Qc7 9. a4
b6 10. O-O Bb7 11. Bh5 Nxh5 12. Qxh5 Qc5 13. Qh3 Qc4 14. Rad1 Nd7 15. Nf3 Qc7
16. Rfe1 Be7 17. Bd4 Nf6 18. e5 dxe5 19. Bxe5 Qc8 20. Bd6 Bxd6 21. Rxd6 Qc5 22.
Rexe6+ {Yurtaev,L (2525)-Ilincic,Z (2470) Hartberg 1991 1-0 (51)}) 8. a3 Nbd7 (
8... Bb7 9. f4 Nbd7 10. Bf3 Qb6 11. Qd2 Rc8 12. Rd1 Rxc3 13. Qxc3 b4 14. Qc4 d5
15. exd5 exd5 16. Qe2+ Ne4 17. axb4 Bxb4+ 18. c3 Be7 19. Bxe7 Kxe7 20. Nf5+ Kd8
21. Ne3 Re8 22. Rd4 Kc8 23. O-O {
Siljander,J-Lahti,J (2013) Kokkola 2006 1-0 (45)}) 9. O-O Be7 $4 $146 (9... Bb7
10. f4 Be7 11. Bf3 O-O 12. Kh1 Nb6 13. e5 Nfd5 14. Bxd5 Nxd5 15. Nxd5 Bxd5 16.
Bxe7 Qxe7 17. exd6 Qxd6 18. f5 Rfd8 19. c3 Rac8 20. Qg4 Rc4 21. f6 g6 22. Qg5
Rcc8 23. Rae1 Re8 24. Re5 {Quinta,D-Alves,P Silves 1998 1-0}) (9... Bb7 10. Bh5
g6 11. Be2 $15) 10. f4 $4 (10. Nc6 $142 Qc7 11. Nxe7 Kxe7 12. Qd2 $16) 10...
Qc7 (10... Bb7 11. Bf3 $15) 11. f5 (11. Bf3 Bb7 12. Kh1 Rc8 $17) 11... Ne5 (
11... e5 $142 $5 12. Nb3 Bb7 $17) 12. fxe6 fxe6 13. Bh5+ Nxh5 14. Bxe7 Qxe7 15.
Qxh5+ g6 16. Qe2 Nf7 17. Nf3 (17. Rf2 O-O $11) 17... O-O $11 18. e5 dxe5 19.
Nxe5 $4 (19. Rae1 $142 $11) 19... Qc5+ $19 (19... Qc5+ 20. Kh1 Nxe5 (20... Qxe5
$6 21. Rxf7 Qxe2 22. Rxf8+ (22. Nxe2 $4 Rxf7 23. Kg1 Bb7 $19) 22... Kxf8 23.
Nxe2 $15) 21. Rxf8+ Kxf8 $19) 0-1

[Event "SCC Swiss"]
[Site "?"]
[Date "1990.11.30"]
[Round "1"]
[White "Aguilar, B."]
[Black "Bailey, B."]
[Result "0-1"]
[WhiteElo "100"]
[BlackElo "1724"]
[Annotator "Stockfish 12 (15s)"]
[PlyCount "128"]

{C45: Scotch Game} 1. e4 e5 2. Nf3 Nc6 3. d4 exd4 4. Nxd4 Nxd4 5. Qxd4 b6 6.
Nc3 d6 $146 (6... Bb7 7. Be3 (7. Bc4 d6 8. Bf4 Ne7 9. O-O-O Ng6 10. Bg3 a6 11.
f3 Qd7 12. e5 O-O-O 13. exd6 Bxd6 14. Bxd6 cxd6 15. Qxg7 Kb8 16. Qxf7 Qc8 17.
Bd5 Rd7 18. Bxb7 Kxb7 19. Qd5+ Ka7 20. Rhe1 Ne7 21. Qe6 Qc6 {
Obernosterer,T-Gerstner,P Lienz 1988 1-0}) 7... Nf6 8. f3 Bc5 9. Qd2 Bxe3 10.
Qxe3 O-O 11. O-O-O Qe7 12. g4 Rad8 13. Qd2 Qc5 14. g5 Nh5 15. f4 g6 16. Be2 Ng7
17. h4 f5 18. gxf6 Rxf6 19. h5 Nxh5 20. Bxh5 gxh5 21. f5 {
Urzica,A-Castro Rojas,O Stockholm 1969 1-0}) (6... Bc5 7. Qxg7 Qf6 8. Qg3 (8.
Qxf6 Nxf6 9. Bf4 Bb7 10. f3 Bb4 11. Be5 Bxc3+ 12. Bxc3 Ke7 13. O-O-O Rhd8 14.
Bxf6+ Kxf6 15. Bd3 Kg7 16. h4 d6 17. g4 Re8 18. Rhe1 a6 19. Rd2 b5 20. Rde2 c5
21. c4 b4 22. b3 a5 {La Guire,D-Vorhauer,S East Lansing 1991 1/2-1/2 (53)})
8... Bd6 9. f4 Bc5 10. Nd5 Qc6 11. Bd3 Bb7 12. Qg7 Qg6 13. Qxh8 Qxg2 14. Rf1
O-O-O 15. Be3 Qxh2 16. O-O-O Bxe3+ 17. Nxe3 Ne7 18. Qf6 Nc6 19. Rh1 Qg3 20. Nd5
Qg6 21. Qc3 {Marko,O (1775)-Gavala,S (1645) Bratislava 1997 1-0 (31)}) (6... c6
7. Bf4 Qf6 8. e5 $18) 7. Qd5 (7. Bf4 $142 $5 Ne7 8. O-O-O a6 $18) 7... Rb8 8.
Bc4 (8. Bb5+ $142 Bd7 9. Bc4 Be6 10. Bb5+ Bd7 $18) 8... Qe7 $2 (8... Be6 $142
9. Bb5+ Bd7 $18) 9. O-O $18 Nf6 10. Qc6+ $4 (10. Bb5+ $142 Kd8 11. Qd3 $18)
10... Qd7 $4 (10... Bd7 $142 11. Qxc7 Rc8 12. Qxa7 Rxc4 $19) 11. Bb5 (11. Qxd7+
$142 $5 Nxd7 12. Nb5 $16) 11... Qxc6 $11 12. Bxc6+ Bd7 13. Bxd7+ Kxd7 14. Bg5
Be7 (14... Ng8 15. Rad1 $14) 15. Bf4 (15. Rad1 Kc6 $14) 15... Rbd8 16. Rad1 Kc8
17. Nb5 Kb7 18. Rfe1 Nd7 19. a3 Bf6 20. c3 (20. Bxd6 cxd6 21. Nxd6+ Kc7 22.
Nxf7 Bxb2 23. Nxh8 Rxh8 $11) 20... Be5 (20... Nc5 $5 $15) 21. Be3 a6 22. Nd4
Bxd4 23. Bxd4 f6 24. b4 (24. f3 Kc6 $11) 24... b5 25. g3 (25. a4 Rhe8 26. a5 c5
$11) 25... Rhe8 26. f3 Re6 27. f4 $4 (27. h4 $142 $15) 27... Rde8 $19 28. e5 (
28. Kf2 Rxe4 29. Rxe4 Rxe4 30. Kf3 $19) 28... fxe5 29. fxe5 Nxe5 30. Kg2 (30.
Bxe5 Rxe5 31. Rxe5 Rxe5 $19 (31... dxe5 $6 32. Rd7 Rg8 33. Kf2 $11)) 30... g6 (
30... Nc4 31. Rxe6 Rxe6 32. Kf2 $19) 31. h3 (31. h4 R6e7 $19) 31... Nc4 32.
Rxe6 Rxe6 33. Ra1 Ne3+ 34. Bxe3 (34. Kf3 Nc2 35. Rd1 $19) 34... Rxe3 35. Rc1
Re2+ 36. Kf3 Ra2 37. Ke4 Rxa3 38. Kd4 (38. Kd3 a5 39. Rb1 a4 $19) 38... a5 39.
bxa5 (39. Kd5 a4 $19) 39... Rxa5 40. Rb1 (40. Ke4 Kc6 $19) 40... Kc6 41. g4 (
41. Re1 Ra3 42. Rg1 h5 $19) 41... Ra2 (41... Ra4+ 42. Kd3 h5 43. g5 $19) 42. h4
(42. Rf1 Rg2 $19) 42... Rh2 43. c4 bxc4 44. Kxc4 Rxh4 45. Rg1 h5 46. Kd3 Rxg4
47. Rh1 h4 48. Ke3 g5 49. Kf3 Rg3+ 50. Kf2 d5 51. Rc1+ Kd6 52. Re1 (52. Rb1 c5
53. Rb6+ Ke5 54. Rb1 c4 55. Re1+ Kf4 56. Re8 h3 57. Rf8+ Kg4 58. Rh8 d4 59. Ke2
Rg2+ 60. Kd1 h2 61. Rh6 d3 62. Kc1 Rc2+ 63. Kb1 Kg3 64. Rh5 g4 65. Rh7 Kg2 66.
Rh6 h1=Q+ 67. Rxh1 Kxh1 68. Ka1 d2 69. Kb1 d1=Q#) 52... c5 53. Re8 (53. Ke2 c4
54. Ra1 c3 55. Ra6+ Ke5 56. Kf2 Ke4 57. Re6+ Kd3 58. Re5 d4 59. Re1 c2 60. Kf1
g4 61. Ra1 Re3 62. Kg2 Ke2 63. Rg1 Rg3+ 64. Kh1 Rxg1+ 65. Kxg1 c1=Q+ 66. Kh2 d3
67. Kg2 g3 68. Kh3 g2 69. Kxg2 h3+ 70. Kg3 h2 71. Kg4 h1=Q 72. Kf5 d2 73. Ke5
d1=Q 74. Ke6 Qf4 75. Ke7 Qhe4#) 53... c4 54. Rg8 (54. Ke2 c3 55. Rc8 d4 56.
Rd8+ Ke6 57. Rxd4 Rg1 58. Re4+ Kd5 59. Re3 c2 60. Rd3+ Kc4 61. Rd7 c1=Q 62.
Rc7+ Kd4 63. Rxc1 Rxc1 64. Kf3 h3 65. Kg3 g4 66. Kxg4 h2 67. Kg5 h1=Q 68. Kf6
Qh6+ 69. Ke7 Rc7+ 70. Kd8 Qg6 71. Kxc7 Kc5 72. Kd8 Kd6 73. Kc8 Qb1 74. Kd8 Qb8#
) 54... c3 55. Rf8 (55. Rd8+ Ke5 56. Ke2 Kd4 57. Ra8 h3 58. Ra4+ Ke5 59. Ra8 h2
60. Rh8 Rg1 61. Kd3 h1=Q 62. Rxh1 Rxh1 63. Kxc3 g4 64. Kc2 d4 65. Kb3 d3 66.
Kc3 d2 67. Kxd2 g3 68. Kd3 g2 69. Kc4 g1=Q 70. Kb3 Rh2 71. Kc3 Qd4+ 72. Kb3 Ra2
73. Kxa2 Qb6 74. Ka1 Kd4 75. Ka2 Kc3 76. Ka1 Qb2#) 55... d4 56. Rd8+ Kc5 57.
Rc8+ Kd5 58. Rd8+ (58. Ke2 d3+ 59. Kf2 d2 60. Ke2 Rg1 61. Rd8+ Ke6 62. Rd3 Re1+
63. Kf3 d1=Q+ 64. Rxd1 Rxd1 65. Kg4 c2 66. Kf3 c1=Q 67. Kg4 h3 68. Kxh3 g4+ 69.
Kxg4 Rd3 70. Kh4 Qg5+ 71. Kxg5 Rd4 72. Kg6 Rd5 73. Kg7 Rg5+ 74. Kh6 Kf6 75. Kh7
Kf7 76. Kh6 Rf5 77. Kh7 Rh5#) 58... Kc4 59. Rc8+ Kd3 60. Rd8 (60. Ra8 c2 61.
Ra3+ Kd2 62. Rxg3 hxg3+ 63. Kxg3 d3 64. Kg4 c1=Q 65. Kxg5 Ke3 66. Kf6 d2 67.
Kg7 d1=Q 68. Kg6 Qb2 69. Kf7 Qd6 70. Ke8 Qe7+ 71. Kxe7 Ke4 72. Kd6 Qb6+ 73. Ke7
Ke5 74. Kf7 Qf6+ 75. Ke8 Qg7 76. Kd8 Kd6 77. Kc8 Qc7#) 60... c2 61. Rc8 Kd2 62.
Re8 (62. Rc4 c1=Q 63. Rxc1 Kxc1 64. Ke1 g4 65. Kf1 h3 66. Ke1 d3 67. Kf1 h2 68.
Kf2 h1=Q 69. Kxg3 d2 70. Kf4 d1=R 71. Kxg4 Rf1 72. Kg3 Rf4 73. Kxf4 Qd5 74. Kg3
Kd2 75. Kf2 Qe4 76. Kg3 Ke2 77. Kh2 Qg6 78. Kh1 Kf1 79. Kh2 Qg2#) 62... c1=Q
63. Re2+ Kd3 64. Re1 (64. Rd2+ Qxd2+ 65. Kf1 Qe2#) 64... Qf4# 0-1

[Event "SCC Swiss"]
[Site "?"]
[Date "1990.12.07"]
[Round "2"]
[White "Ridderbusch, R."]
[Black "Bailey, B."]
[Result "1/2-1/2"]
[WhiteElo "2115"]
[BlackElo "1724"]
[Annotator "Stockfish 12 (15s)"]
[PlyCount "43"]

{B51: Sicilian: Moscow Variation (3 Bb5+) without 3...Bd7} 1. e4 c5 2. Nf3 Nc6
3. Bb5 d6 4. O-O e6 5. Re1 Be7 (5... Nge7 6. c3 (6. d4 cxd4 7. Nxd4 Bd7 8. c4
Nxd4 9. Bxd7+ Qxd7 10. Qxd4 Nc6 11. Qd2 Be7 12. Nc3 a6 13. b3 Qc7 14. Bb2 O-O
15. Rad1 Rfd8 16. Qe3 Bf6 17. Qg3 Rac8 18. Nd5 exd5 19. Bxf6 g6 20. Qh4 h5 {
Gadacsi,M (2099)-Biro,G (2088) Hungary 2002 1-0}) 6... a6 7. Bf1 Ng6 8. d4 Be7
9. dxc5 dxc5 10. Qxd8+ Bxd8 11. Nbd2 Bc7 12. a4 b6 13. Nb3 a5 14. Nbd2 Bb7 15.
Nc4 O-O-O 16. Nfd2 Nce5 17. f3 Nd3 18. Bxd3 Rxd3 19. Na3 Ne5 20. Nb5 {
Svetushkin,D (2415)-Lupu,M (2505) Bucharest 1998 0-1 (42)}) 6. c3 a6 $146 (6...
Nf6 7. d4 cxd4 8. cxd4 O-O 9. Nc3 a6 10. Bf1 d5 11. e5 Nd7 12. Bf4 f5 13. exf6
Nxf6 14. Bg3 Nh5 15. Rc1 Nxg3 16. hxg3 Bd6 17. Bd3 Rf6 18. Re2 Qf8 19. Qe1 Bd7
20. Rd1 Re8 21. Bb1 {Frank,A (2020)-Klee,C Seefeld 1998 1-0 (42)}) (6... Nf6
$142 $5 $14) 7. Bxc6+ $16 bxc6 8. e5 d5 9. Qa4 (9. d3 h5 $16) 9... Qc7 (9... h5
10. d4 (10. Qxc6+ $143 Bd7 11. Qb7 g5 $11) 10... Bd7 11. Qc2 $16) 10. Qg4 (10.
d3 a5 $18) 10... Kf8 (10... Bf8 11. d3 a5 12. c4 $16) 11. d3 f5 (11... a5 $142
$16) 12. exf6 $4 (12. Qg3 $142 a5 13. Be3 $18) 12... gxf6 $14 13. Qh5 (13. Nh4
Bd6 14. Kh1 Qg7 $11) 13... Bd6 $11 14. Nbd2 (14. d4 $142 $11) 14... Qf7 $17 15.
Qxf7+ (15. Qh4 Ne7 16. Qa4 e5 $17) 15... Kxf7 16. Nf1 $2 (16. Nb3 $142 e5 17.
Be3 $19) 16... Ne7 $19 17. Ng3 e5 18. Be3 Nf5 (18... h5 19. Nh4 Rg8 20. c4 $19)
19. Nxf5 $2 (19. d4 $142 cxd4 20. cxd4 $19) 19... Bxf5 $19 20. Rad1 Rhb8 21.
Bc1 a5 22. Nh4 1/2-1/2

[Event "SCC Swiss"]
[Site "?"]
[Date "1990.12.14"]
[Round "3"]
[White "Bailey, B."]
[Black "Hinrichsen, G."]
[Result "0-1"]
[WhiteElo "1724"]
[BlackElo "2027"]
[Annotator "Stockfish 12 (15s)"]
[PlyCount "38"]

{B34: Sicilian: Accelerated Dragon with 5 Nc3: sidelines} 1. e4 c5 2. Nf3 Nc6
3. d4 cxd4 4. Nxd4 g6 5. Be3 Nf6 6. Nc3 Bg7 7. Qd2 O-O 8. f3 d5 9. exd5 Nxd5
10. Nxc6 bxc6 11. Bd4 e5 12. Bc5 Nxc3 13. Qxc3 (13. Bxf8 Qxf8 14. bxc3 Be6 15.
Qe3 Bh6 16. Qe4 Qc5 17. c4 Bf5 18. Qe2 Qb4+ 19. Kf2 Qb6+ 20. Ke1 Qb2 21. Rd1
Bxc2 22. Rd7 Qb4+ 23. Kf2 Qc5+ 24. Ke1 Bf5 25. Rd1 Be3 26. Qb2 Bd4 27. Qb3 Bf2+
{Movsisian,V (2292)-Rodchenkov,V (2343) Moscow 2006 0-1 (31)}) 13... e4 14. Qa3
Re8 $146 (14... exf3 15. Bxf8 Qh4+ 16. Kd1 Bxf8 17. Qc3 Bg4 18. Kc1 Rd8 19. Bd3
fxg2 20. Qxc6 Qxh2 {0-1 (20) Nikolic,S (2099)-Penko,I Bled 2000}) (14... exf3
$142 15. Qxf3 Bxb2 16. c3 Bxa1 17. Be2 $19) 15. f4 Qf6 (15... e3 $142 16. Rd1
Qf6 17. Be2 Qxf4 18. Bxe3 Qxe3 19. Qxe3 Rxe3 20. Rd8+ Bf8 21. Kd1 Rxe2 22.
Rxf8+ Kxf8 23. Kxe2 Bg4+ 24. Kd2 Rd8+ 25. Kc3 $19) 16. O-O-O (16. Be3 Rb8 17.
Bc4 Qh4+ 18. Bf2 $19) 16... Rb8 17. c3 Qxf4+ 18. Kb1 Bg4 19. Rd6 (19. Rc1 e3
20. Ka1 $19) 19... e3 (19... e3 20. Ka1 Bf8 $19) 0-1